[Event "SRI-ch U14 Girls"]
[Site "Nugegoda"]
[Date "2021.03.13"]
[Round "9"]
[White "Induwara, THD Thisarindu"]
[Black "Ramanayake, Nemindi Linaya"]
[Result "1/2-1/2"]
[WhiteElo "1306"]
[BlackElo "1236"]
[PlyCount "108"]
[EventDate "2021.03.09"]
[EventType "tourn"]
[EventRounds "11"]
[EventCountry "SRI"]
[SourceTitle "CBM 201 Extra"]
[Source "ChessBase"]
[SourceDate "2021.05.31"]
[SourceVersion "1"]
[SourceVersionDate "2021.05.31"]
[SourceQuality "1"]

1. e4 c6 2. d4 d5 3. e5 Bf5 4. Nf3 e6 5. Be2 Ne7 6. 0-0 Ng6 7. Be3 Be7 8. c3 Nd7 9. Nbd2 Nh4 10. Rc1 Nxf3+ 11. Nxf3 0-0 12. a3 h6 13. c4 dxc4 14. Bxc4 Nb6 15. Ba2 Nd5 16. Bd2 a5 17. Ne1 Qb6 18. Bxd5 cxd5 19. Bc3 Rfc8 20. f4 Be4 21. Nf3 Qa7 22. a4 b6 23. Nd2 Bd3 24. Rf3 Bf5 25. h3 Qd7 26. Ra1 h5 27. Nf1 h4 28. Ne3 Be4 29. Rf2 Bg6 30. Qg4 Ra7 31. f5 exf5 32. Nxf5 Bxf5 33. Rxf5 g6 34. Raf1 Rf8 35. Rxf7 Qxg4 36. Rxf8+ Bxf8 37. hxg4 Rf7 38. Rxf7 Kxf7 39. Kf2 Be7 40. Bd2 g5 41. g3 hxg3+ 42. Kxg3 Ke6 43. Kf3 Kd7 44. Ke3 Kc6 45. b3 Bb4 46. Kd3 Be7 47. Kc2 Bd8 48. b4 Kd7 49. Kb3 Ke6 50. bxa5 bxa5 51. Kc2 Kd7 52. Kd3 Ke6 53. Ke2 Kd7 54. Kf3 Ke6 1/2-1/2

[Event "SRI-ch U14 Girls"]
[Site "Nugegoda"]
[Date "2021.03.12"]
[Round "6"]
[White "Induwara, THD Thisarindu"]
[Black "Hettiarachchi, DWK"]
[Result "1/2-1/2"]
[WhiteElo "1306"]
[BlackElo "1441"]
[PlyCount "85"]
[EventDate "2021.03.09"]
[EventType "tourn"]
[EventRounds "11"]
[EventCountry "SRI"]
[SourceTitle "CBM 201 Extra"]
[Source "ChessBase"]
[SourceDate "2021.05.31"]
[SourceVersion "1"]
[SourceVersionDate "2021.05.31"]
[SourceQuality "1"]

1. d4 Nf6 2. c4 e6 3. Nc3 d5 4. cxd5 exd5 5. Bg5 Be7 6. e3 c6 7. Bd3 Nbd7 8. Qc2 Nf8 9. Nf3 Ng6 10. 0-0 0-0 11. Ne5 Ng4 12. Bxe7 Qxe7 13. Nxg4 Bxg4 14. h3 Bd7 15. Rae1 Nh4 16. f4 f5 17. Rf2 Ng6 18. Qb3 Be6 19. Rc1 Rac8 20. Na4 b6 21. Rfc2 Bd7 22. Ba6 Rce8 23. Kf2 Qh4+ 24. Kg1 Qg3 25. Rc3 Nh4 26. Qc2 Rxe3 27. Qf2 Nf3+ 28. Kf1 Qxf2+ 29. Kxf2 Rxc3 30. bxc3 Nd2 31. Nb2 b5 32. Nd3 Rb8 33. Ne5 Be8 34. Rc2 Nc4 35. Nd3 Nd6 36. Kf3 Ne4 37. Ne5 Kf8 38. g4 fxg4+ 39. hxg4 Ke7 40. c4 bxc4 41. Bxc4 Rb4 42. Ke3 Kd6 43. Bd3 1/2-1/2

[Event "SRI-ch U14 Girls"]
[Site "Nugegoda"]
[Date "2021.03.12"]
[Round "7"]
[White "Weerasekara, Dinul Vinsitha"]
[Black "Induwara, THD Thisarindu"]
[Result "1/2-1/2"]
[WhiteElo "1267"]
[BlackElo "1306"]
[PlyCount "79"]
[EventDate "2021.03.09"]
[EventType "tourn"]
[EventRounds "11"]
[EventCountry "SRI"]
[SourceTitle "CBM 201 Extra"]
[Source "ChessBase"]
[SourceDate "2021.05.31"]
[SourceVersion "1"]
[SourceVersionDate "2021.05.31"]
[SourceQuality "1"]

1. e4 c5 2. Nf3 a6 3. d4 cxd4 4. Nxd4 Nf6 5. Nc3 e5 6. Nb3 Bb4 7. Qd3 Nc6 8. Bd2 0-0 9. a3 Bxc3 10. Bxc3 d5 11. exd5 Nxd5 12. 0-0-0 Be6 13. Nc5 Nxc3 14. Qxc3 Qe7 15. Nxe6 Qxe6 16. Bc4 Qf6 17. f3 Rac8 18. Qe3 Nd4 19. Bd3 Nb3+ 20. Kb1 Nc5 21. Rhe1 Rfe8 22. Be4 Na4 23. Rd7 Nc5 24. Rd5 Nxe4 25. Qxe4 Qc6 26. Qd3 f6 27. Rd1 Re7 28. Qf5 g6 29. Qd3 Kg7 30. Rd2 Qb6 31. Qf1 Rcc7 32. Qe1 Qe6 33. Qd1 g5 34. Rd8 Kh6 35. R2d6 Qf5 36. g4 Qf4 37. Rf8 Rf7 38. Rxf7 Rxf7 39. Qd5 Kg6 40. Rd7 1/2-1/2

[Event "SRI-ch U14 Girls"]
[Site "Nugegoda"]
[Date "2021.03.11"]
[Round "4"]
[White "Induwara, THD Thisarindu"]
[Black "Weerasekara, Dishal Nimsara"]
[Result "0-1"]
[WhiteElo "1306"]
[BlackElo "1494"]
[PlyCount "98"]
[EventDate "2021.03.09"]
[EventType "tourn"]
[EventRounds "11"]
[EventCountry "SRI"]
[SourceTitle "CBM 201 Extra"]
[Source "ChessBase"]
[SourceDate "2021.05.31"]
[SourceVersion "1"]
[SourceVersionDate "2021.05.31"]
[SourceQuality "1"]

1. e4 e5 2. Nf3 Nc6 3. Bc4 Nf6 4. d3 Bc5 5. c3 0-0 6. 0-0 d6 7. Bb3 h6 8. Bc2 a5 9. h3 Re8 10. Re1 Bd7 11. Nbd2 Qc8 12. Nf1 Ba7 13. Ng3 Ne7 14. Be3 Ng6 15. Bxa7 Rxa7 16. Kh2 Nh4 17. Ng1 h5 18. N3e2 Ng6 19. d4 h4 20. Qd3 d5 21. exd5 e4 22. Qe3 c5 23. dxc5 Ne5 24. Qg5 Qc7 25. Nf4 Nxd5 26. Rxe4 Nxf4 27. Rxf4 f6 28. Qxh4 Ng4+ 29. hxg4 Qxf4+ 30. Kh1 Qxg4 31. Qh7+ Kf7 32. Bd1 Bf5 33. Qh2 Qe4 34. Bf3 Qe5 35. Qh5+ Ke7 36. g4 Bd3 37. g5 Raa8 38. Qg4 Rh8+ 39. Nh3 Bf5 40. gxf6+ Qxf6 41. Qd4 Rxh3+ 42. Kg1 Qxd4 43. cxd4 Rxf3 44. Re1+ Kf8 45. Re5 Re8 46. Kg2 Rxe5 47. dxe5 Be4 48. e6 Ke7 49. Kf1 Kxe6 0-1

[Event "SRI-ch U14 Girls"]
[Site "Nugegoda"]
[Date "2021.03.11"]
[Round "5"]
[White "Sanudula, KM Dahamdi"]
[Black "Induwara, THD Thisarindu"]
[Result "0-1"]
[WhiteElo "1687"]
[BlackElo "1306"]
[PlyCount "195"]
[EventDate "2021.03.09"]
[EventType "tourn"]
[EventRounds "11"]
[EventCountry "SRI"]
[SourceTitle "CBM 201 Extra"]
[Source "ChessBase"]
[SourceDate "2021.05.31"]
[SourceVersion "1"]
[SourceVersionDate "2021.05.31"]
[SourceQuality "1"]

1. d4 Nf6 2. Bf4 c5 3. e3 Qb6 4. b3 d6 5. Nf3 Na6 6. Be2 g6 7. 0-0 Bg7 8. Nbd2 Nd5 9. Nc4 Qc7 10. Bg3 Nc3 11. Qd3 Nxe2+ 12. Qxe2 Bd7 13. Rad1 b5 14. Na3 Qa5 15. Nb1 b4 16. c4 bxc3 17. Nxc3 Rc8 18. Rc1 0-0 19. Qd2 Bg4 20. Nd5 Qd8 21. dxc5 Rxc5 22. Nxe7+ Qxe7 23. Bxd6 Qf6 24. Bxc5 Bxf3 25. Bxf8 Qg5 26. g3 Bxf8 27. h4 Qf5 28. Kh2 Nc5 29. e4 Nxe4 30. Qd4 Bc5 31. Qd8+ Kg7 32. b4 Nxf2 33. Rxf2 Bxf2 34. Rc8 Kh6 35. Qd2+ Kg7 36. Qb2+ Kh6 37. Qd2+ Kg7 38. Rc4 Ba8 39. Qc3+ Kh6 40. Qd2+ Kg7 41. Qc3+ Kh6 42. Qc1+ Kg7 43. Rf4 Bxg3+ 44. Kxg3 Qd3+ 45. Kf2 Qh3 46. Qb2+ Kg8 47. Qd4 Qh2+ 48. Ke3 Qg1+ 49. Ke2 Qg2+ 50. Rf2 Qb7 51. Qd8+ Kg7 52. Qf6+ Kg8 53. Qd4 Qa6+ 54. Ke1 Qe6+ 55. Re2 Qc8 56. Rd2 Qe6+ 57. Re2 Qc8 58. Qe3 Qb7 59. Qd4 Qc8 60. Rd2 Qe6+ 61. Kd1 Bf3+ 62. Kc1 Qe1+ 63. Kb2 Be4 64. Qc3 Qxh4 65. Ka3 Qe7 66. Qd4 f5 67. Qc4+ Kg7 68. Qc8 Kh6 69. Qc3 g5 70. Qc4 Qe5 71. Qa6+ Kh5 72. Qe2+ g4 73. Qe3 f4 74. Rh2+ Kg6 75. Qb3 Bd5 76. Qd3+ Qe4 77. Qa6+ Bc6 78. b5 Qd3+ 79. Ka4 Qc4+ 80. Ka3 g3 81. Rb2 Qc5+ 82. Ka4 Qc4+ 83. Ka3 Qc3+ 84. Rb3 Qc5+ 85. Kb2 g2 86. bxc6 g1Q 87. c7+ Kf7 88. Rc3 Qgf2+ 89. Kb3 Qxc3+ 90. Kxc3 Qe3+ 91. Kb2 Qe5+ 92. Kb1 Qxc7 93. Qd3 Qb6+ 94. Kc1 Qe3+ 95. Qxe3 fxe3 96. Kd1 Ke6 97. Ke2 Kd5 98. Kxe3 0-1